Formy digitálneho marketingu a ich aplikácia vo vybranom podniku bakalárska práca

Saved in:
Bibliographic Details
Main Author: Sarmini, Abdalrahman
Corporate Author: Obchodná fakulta EU. Katedra marketingu
Other Authors: Drábik, Peter, 1981-
Format: Book
Language:Slovak
Published: Bratislava 2024
Tags: Add Tag
No Tags, Be the first to tag this record!

MARC

LEADER 00000nbm a2200000 4500
001 0302113
005 20241129145721.8
041 0 |a slo 
044 |a SK 
245 1 0 |a Formy digitálneho marketingu a ich aplikácia vo vybranom podniku  |b bakalárska práca  |c Abdalrahman Sarmini ; školiteľ: Peter Drábik 
264 1 |a Bratislava  |c 2024 
300 |a 43 s. 
100 1 |a Sarmini, Abdalrahman 
700 1 |a Drábik, Peter, 1981- 
710 2 |a Obchodná fakulta EU. Katedra marketingu